书目信息 |
| 题名: |
转轨中国
|
|
| 作者: | 姚洋 主编 | |
| 分册: | ||
| 出版信息: | 北京 中国人民大学出版社 2004 |
|
| 页数: | 713 | |
| 开本: | 20cm | |
| 丛书名: | ||
| 单 册: | ||
| 中图分类: | B82-052 | |
| 科图分类: | ||
| 主题词: | 伦理学 | |
| 电子资源: | ||
| ISBN: | 7-300-05353-X | |
| 000 | 00597nam0 2200193 450 | |
| 001 | 0753815641 | |
| 005 | 20070930145655.64 | |
| 010 | @a7-300-05353-X@d¥36.00 | |
| 100 | @a20070930d km y0chiy0120 ea | |
| 101 | 0 | @achi |
| 200 | 1 | @a转轨中国@Azhuan gui zhong guo@e审视社会公正和平等@f姚洋主编@Fyao yang zhu bian |
| 210 | @a北京@c中国人民大学出版社@d2004 | |
| 215 | @a713@d20cm | |
| 517 | 1 | @a审视社会公正和平等@Ashen shi she hui gong zheng he ping deng |
| 606 | 0 | @a伦理学 |
| 690 | @aB82-052@v3 | |
| 701 | 0 | @a姚洋@Ayao yang@4主编 |
| 801 | 0 | @aCN@bPFT@c20070930 |
| 905 | @a213230@dB82-052@eg49@f1 | |
| 转轨中国:审视社会公正和平等/姚洋主编.-北京:中国人民大学出版社,2004 |
| 713;20cm |
| ISBN 7-300-05353-X:¥36.00 |
| ● |
| 相关链接 |
|
|
|
|
正题名:转轨中国
索取号:B82-052/g49
 
预约/预借
| 序号 | 登录号 | 条形码 | 馆藏地/架位号 | 状态 | 备注 |
| 1 | 6504352 | 265043525 | 经管系资料室/ [索取号:B82-052/g49] | 在馆 |